00739nam a2200169 a 4500008004100000020001800041050001600059100001800075245009600093260004900189300001900238350001000257650005200267995010100319999001700420952013200437200804s2018 ||||||||||||||||| || u a9781108417075 aJZ 1405 Hol aHolmes,Marcus10aFace-to-face diplomacy: social neuroscience and international relations cBy Marcus Holmes  aCambridge bCambridge University Pressc2018 axii, 303 pages a94.62 aINTERNATIONAL RELATIONS-- PSYCHOLOGICAL ASPECTS FCBU-MAIN LIBRARY (Kitwe)I94.62M1UAVAILABLEWAug 12, 2020ZMain Library Open Access Collection c43054d43054 00102lcc4070a001b001cMain Library Open Access Collectiond2022-11-30l0oJZ 1405 Holp750486r2022-11-30w2022-11-30y002